| Tag |
First Indicator |
Second Indicator |
Subfields |
| LEADER |
00000cam a2200000 a 4500 |
| 001 |
in00000087551 |
| 005 |
20151008064839.0 |
| 008 |
811210s1980 enk b 00110 eng |
| 010 |
|
|
|a 81122383
|z 80051351
|
| 015 |
|
|
|a GB***
|
| 020 |
|
|
|a 0233972234 :
|c 7.95
|
| 020 |
|
|
|a 0865310610 (Westview)
|
| 035 |
|
|
|a (OCoLC)08112223
|
| 035 |
|
|
|9 AAK4908AM
|
| 039 |
0 |
|
|a 2
|b 3
|c 3
|d 3
|e 3
|
| 040 |
|
|
|a DLC
|c DLC
|d TXA
|d UtOrBLW
|
| 043 |
|
|
|a e-uk-st
|a e-uk---
|
| 049 |
|
|
|a TXAM
|c [388064]
|
| 050 |
0 |
0 |
|a PR5345
|b .T84
|
| 082 |
0 |
|
|a 828/.709
|2 19
|
| 100 |
1 |
|
|a Tulloch, Graham,
|d 1947-
|
| 245 |
1 |
4 |
|a The language of Walter Scott :
|b a study of his Scottish and period language /
|c Graham Tulloch.
|
| 264 |
|
1 |
|a London :
|b Deutsch ;
|c 1980.
|
| 264 |
|
2 |
|a Boulder, Colo. :
|b Distributed by Westview Press,
|
| 300 |
|
|
|a 350 pages ;
|c 23 cm.
|
| 336 |
|
|
|a text
|b txt
|2 rdacontent
|
| 337 |
|
|
|a unmediated
|b n
|2 rdamedia
|
| 338 |
|
|
|a volume
|b nc
|2 rdacarrier
|
| 490 |
1 |
|
|a Language library
|
| 500 |
|
|
|a Includes indexes.
|
| 504 |
|
|
|a Bibliography: pages 337-342.
|
| 600 |
1 |
0 |
|a Scott, Walter,
|d 1771-1832
|x Language.
|
| 650 |
|
0 |
|a English language
|x Archaisms.
|
| 650 |
|
0 |
|a Scots language.
|
| 650 |
|
0 |
|a Historical fiction, English.
|
| 650 |
|
0 |
|a Scotland in literature.
|
| 830 |
|
0 |
|a Language library.
|
| 999 |
|
|
|a MARS
|
| 999 |
f |
f |
|s fcb95e0a-80c7-3151-9058-7178df9339f4
|i 0338bd65-76e6-3f86-8531-a5632a975d46
|t 0
|
| 952 |
f |
f |
|p normal
|a Texas A&M University
|b College Station
|c Sterling C. Evans Library
|d Evans: Library Stacks
|t 0
|e PR5345 .T84
|h Library of Congress classification
|i unmediated -- volume
|m A14806185936
|
| 952 |
f |
f |
|p noncirc
|a Texas A&M University
|b J.J. Pickle Campus
|c High Density Repository
|d Remote Storage
|t 0
|e PR5345 .T84 1980
|h Library of Congress classification
|i unmediated -- volume
|m A1485325686F
|
| 998 |
f |
f |
|a PR5345 .T84
|t 0
|l Evans: Library Stacks
|
| 998 |
f |
f |
|a PR5345 .T84 1980
|t 0
|l Remote Storage
|